[Event "Deutscher Mix-Teampokal U12 2025"]
[Site "Bad Homburg GER"]
[Date "2025.07.19"]
[Round "2"]
[White "Shkabara, Roman"]
[Black "Schreiner, Moritz"]
[Result "1-0"]
[Termination "normal"]
[Board "4.1"]
[WhiteElo "1387"]
[BlackElo "822"]
[WhiteClock "00:01:12"]
[BlackClock "00:02:50"]
[WhiteTeam "OSC Rheinhausen 04"]
[BlackTeam "SC Pirmasens 1912"]
[PlyCount "137"]
[WhiteFideId "533050724"]
[BlackFideId "533050732"]
[EventCountry "GER"]
[EventRounds "5"]
[EventType "team-swiss"]
[EventDate "2025.07.18"]

1. e4 {[%clk 00:55:06]} {[%emt 00:00:04]} e5 {[%clk 00:55:04]} {[%emt
00:00:06]} 2. Nf3 {[%clk 00:55:08]} {[%emt 00:00:03]} Nc6 {[%clk 00:54:58]}
{[%emt 00:00:11]} 3. Bc4 {[%clk 00:55:03]} {[%emt 00:00:11]} Nf6 {[%clk
00:54:41]} {[%emt 00:00:21]} 4. Nc3 {[%clk 00:55:03]} {[%emt 00:00:04]} Bc5
{[%clk 00:54:03]} {[%emt 00:00:43]} 5. d3 {[%clk 00:55:01]} {[%emt 00:00:08]}
d6 {[%clk 00:53:35]} {[%emt 00:00:32]} 6. Be3 {[%clk 00:54:51]} {[%emt
00:00:15]} Bxe3 {[%clk 00:52:54]} {[%emt 00:00:46]} 7. fxe3 {[%clk 00:54:50]}
{[%emt 00:00:06]} O-O {[%clk 00:50:48]} {[%emt 00:02:10]} 8. O-O {[%clk
00:54:03]} {[%emt 00:00:53]} Na5 {[%clk 00:49:59]} {[%emt 00:00:54]} 9. Bb3
{[%clk 00:52:41]} {[%emt 00:01:27]} Nxb3 {[%clk 00:49:21]} {[%emt 00:00:43]}
10. axb3 {[%clk 00:52:28]} {[%emt 00:00:17]} Ng4 {[%clk 00:48:57]} {[%emt
00:00:29]} 11. Qd2 {[%clk 00:50:04]} {[%emt 00:02:29]} Nf6 {[%clk 00:46:27]}
{[%emt 00:02:35]} 12. d4 {[%clk 00:42:01]} {[%emt 00:08:08]} exd4 {[%clk
00:44:03]} {[%emt 00:02:29]} 13. exd4 {[%clk 00:41:28]} {[%emt 00:00:38]} Re8
{[%clk 00:43:12]} {[%emt 00:00:56]} 14. Qd3 {[%clk 00:37:45]} {[%emt 00:03:48]}
Bg4 {[%clk 00:41:59]} {[%emt 00:01:18]} 15. Rae1 {[%clk 00:33:44]} {[%emt
00:04:05]} c5 {[%clk 00:39:54]} {[%emt 00:02:11]} 16. dxc5 {[%clk 00:30:57]}
{[%emt 00:02:53]} dxc5 {[%clk 00:39:38]} {[%emt 00:00:20]} 17. Qxd8 {[%clk
00:30:01]} {[%emt 00:01:01]} Raxd8 {[%clk 00:39:09]} {[%emt 00:00:34]} 18. h3
{[%clk 00:29:41]} {[%emt 00:00:25]} Bxf3 {[%clk 00:38:32]} {[%emt 00:00:41]}
19. Rxf3 {[%clk 00:29:12]} {[%emt 00:00:35]} Rd2 {[%clk 00:36:51]} {[%emt
00:01:47]} 20. Rf2 {[%clk 00:28:51]} {[%emt 00:00:26]} Rd4 {[%clk 00:35:37]}
{[%emt 00:01:18]} 21. Rfe2 {[%clk 00:26:23]} {[%emt 00:02:33]} a6 {[%clk
00:34:00]} {[%emt 00:01:41]} 22. e5 {[%clk 00:23:26]} {[%emt 00:03:03]} Nd7
{[%clk 00:32:06]} {[%emt 00:01:58]} 23. g3 {[%clk 00:15:52]} {[%emt 00:07:40]}
b5 {[%clk 00:30:49]} {[%emt 00:01:22]} 24. Kg2 {[%clk 00:14:28]} {[%emt
00:01:29]} b4 {[%clk 00:30:03]} {[%emt 00:00:51]} 25. Na4 {[%clk 00:14:13]}
{[%emt 00:00:20]} Rd5 {[%clk 00:29:21]} {[%emt 00:00:48]} 26. c4 {[%clk
00:10:12]} {[%emt 00:04:06]} bxc3 {[%clk 00:28:23]} {[%emt 00:01:02]} 27. bxc3
{[%clk 00:09:34]} {[%emt 00:00:43]} Nxe5 {[%clk 00:17:38]} {[%emt 00:10:50]}
28. c4 {[%clk 00:09:05]} {[%emt 00:00:34]} Rd3 {[%clk 00:16:44]} {[%emt
00:00:59]} 29. Rxe5 {[%clk 00:08:24]} {[%emt 00:00:47]} Rd2+ {[%clk 00:16:16]}
{[%emt 00:00:32]} 30. Kf1 {[%clk 00:07:41]} {[%emt 00:00:48]} Rxe5 {[%clk
00:15:40]} {[%emt 00:00:41]} 31. Rxe5 {[%clk 00:07:37]} {[%emt 00:00:08]} f6
{[%clk 00:14:35]} {[%emt 00:01:10]} 32. Re3 {[%clk 00:06:56]} {[%emt 00:00:45]}
Rh2 {[%clk 00:13:56]} {[%emt 00:00:45]} 33. h4 {[%clk 00:05:58]} {[%emt
00:01:04]} Rh1+ {[%clk 00:13:37]} {[%emt 00:00:23]} 34. Kg2 {[%clk 00:05:48]}
{[%emt 00:00:16]} Ra1 {[%clk 00:13:14]} {[%emt 00:00:27]} 35. Nxc5 {[%clk
00:05:27]} {[%emt 00:00:26]} Ra2+ {[%clk 00:13:00]} {[%emt 00:00:20]} 36. Kf3
{[%clk 00:05:17]} {[%emt 00:00:15]} Ra1 {[%clk 00:12:19]} {[%emt 00:00:46]} 37.
Re8+ {[%clk 00:04:43]} {[%emt 00:00:39]} Kf7 {[%clk 00:12:05]} {[%emt
00:00:18]} 38. Ra8 {[%clk 00:04:15]} {[%emt 00:00:34]} Rf1+ {[%clk 00:11:36]}
{[%emt 00:00:34]} 39. Kg2 {[%clk 00:03:48]} {[%emt 00:00:30]} Rb1 {[%clk
00:10:44]} {[%emt 00:00:57]} 40. Ra7+ {[%clk 00:03:29]} {[%emt 00:00:24]} Kf8
{[%clk 00:10:06]} {[%emt 00:00:44]} 41. Rxa6 {[%clk 00:03:15]} {[%emt
00:00:19]} Rb2+ {[%clk 00:09:53]} {[%emt 00:00:18]} 42. Kf3 {[%clk 00:03:10]}
{[%emt 00:00:11]} Rb1 {[%clk 00:08:25]} {[%emt 00:01:32]} 43. Ra7 {[%clk
00:03:04]} {[%emt 00:00:11]} Rf1+ {[%clk 00:08:18]} {[%emt 00:00:13]} 44. Kg4
{[%clk 00:02:41]} {[%emt 00:00:28]} f5+ {[%clk 00:07:50]} {[%emt 00:00:32]} 45.
Kh3 {[%clk 00:01:37]} {[%emt 00:01:09]} Rh1+ {[%clk 00:07:43]} {[%emt
00:00:12]} 46. Kg2 {[%clk 00:01:41]} {[%emt 00:00:01]} Rb1 {[%clk 00:07:01]}
{[%emt 00:00:47]} 47. Ne6+ {[%clk 00:01:42]} {[%emt 00:00:03]} Ke8 {[%clk
00:06:26]} {[%emt 00:00:41]} 48. Nxg7+ {[%clk 00:01:45]} {[%emt 00:00:02]} Kf8
{[%clk 00:05:51]} {[%emt 00:00:41]} 49. Rb7 {[%clk 00:01:47]} {[%emt 00:00:03]}
Rb2+ {[%clk 00:05:41]} {[%emt 00:00:15]} 50. Kf3 {[%clk 00:01:45]} {[%emt
00:00:07]} Rb1 {[%clk 00:04:54]} {[%emt 00:00:52]} 51. Nxf5 {[%clk 00:01:47]}
{[%emt 00:00:04]} Rf1+ {[%clk 00:04:50]} {[%emt 00:00:09]} 52. Kg4 {[%clk
00:01:47]} {[%emt 00:00:04]} h5+ {[%clk 00:04:50]} {[%emt 00:00:06]} 53. Kg5
{[%clk 00:01:46]} {[%emt 00:00:05]} Rf3 {[%clk 00:04:24]} {[%emt 00:00:31]} 54.
Kf6 {[%clk 00:01:41]} {[%emt 00:00:10]} Ke8 {[%clk 00:03:19]} {[%emt 00:01:10]}
55. c5 {[%clk 00:01:33]} {[%emt 00:00:13]} Kd8 {[%clk 00:02:59]} {[%emt
00:00:25]} 56. b4 {[%clk 00:01:12]} {[%emt 00:00:26]} Rc3 {[%clk 00:02:50]}
{[%emt 00:00:14]} 57. Kg5 {[%clk 00:00:54]} {[%emt 00:00:22]} Kc8 {[%clk
00:02:53]} {[%emt 00:00:03]} 58. Rh7 {[%clk 00:00:52]} {[%emt 00:00:07]} Kd8
{[%clk 00:02:57]} {[%emt 00:00:01]} 59. Kxh5 {[%clk 00:00:52]} {[%emt
00:00:06]} Rb3 {[%clk 00:02:27]} {[%emt 00:00:35]} 60. c6 {[%clk 00:00:40]}
{[%emt 00:00:17]} Rc3 {[%clk 00:01:50]} {[%emt 00:00:41]} 61. g4 {[%clk
00:00:37]} {[%emt 00:00:08]} Rxc6 {[%clk 00:01:50]} {[%emt 00:00:04]} 62. g5
{[%clk 00:00:38]} {[%emt 00:00:03]} Rb6 {[%clk 00:01:51]} {[%emt 00:00:06]} 63.
g6 {[%clk 00:00:38]} {[%emt 00:00:04]} Rxg6 {[%clk 00:01:45]} {[%emt 00:00:11]}
64. Kxg6 {[%clk 00:00:41]} {[%emt 00:00:02]} Kc8 {[%clk 00:01:46]} {[%emt
00:00:05]} 65. Rg7 {[%clk 00:00:42]} {[%emt 00:00:01]} Kb8 {[%clk 00:01:49]}
{[%emt 00:00:03]} 66. h5 {[%clk 00:00:45]} {[%emt 00:00:03]} Kc8 {[%clk
00:01:52]} {[%emt 00:00:02]} 67. h6 {[%clk 00:00:49]} {[%emt 00:00:01]} Kd8
{[%clk 00:01:56]} 68. h7 {[%clk 00:00:51]} {[%emt 00:00:02]} Ke8 {[%clk
00:02:00]} {[%emt 00:00:02]} 69. h8=Q# {[%clk 00:00:52]} {[%emt 00:00:03]} 1-0

[Event "Deutscher Mix-Teampokal U12 2025"]
[Site "Bad Homburg GER"]
[Date "2025.07.19"]
[Round "2"]
[White "Werner, Aleksandra"]
[Black "Feldhaus, Lena"]
[Result "0-1"]
[Termination "normal"]
[Board "4.2"]
[WhiteElo "816"]
[BlackElo "1474"]
[WhiteClock "00:27:12"]
[BlackClock "00:35:12"]
[WhiteTeam "SC Pirmasens 1912"]
[BlackTeam "OSC Rheinhausen 04"]
[PlyCount "106"]
[WhiteFideId "533050740"]
[BlackFideId "34642684"]
[EventCountry "GER"]
[EventRounds "5"]
[EventType "team-swiss"]
[EventDate "2025.07.18"]

1. e4 {[%clk 00:55:07]} {[%emt 00:00:02]} e5 {[%clk 00:55:01]} {[%emt
00:00:09]} 2. Nf3 {[%clk 00:55:00]} {[%emt 00:00:13]} Nc6 {[%clk 00:54:54]}
{[%emt 00:00:12]} 3. c3 {[%clk 00:54:39]} {[%emt 00:00:26]} Nf6 {[%emt
00:00:33]} 4. d3 {[%clk 00:53:18]} {[%emt 00:01:18]} d6 {[%clk 00:52:57]}
{[%emt 00:01:43]} 5. Nbd2 {[%clk 00:52:55]} {[%emt 00:00:28]} Bg4 {[%clk
00:52:39]} {[%emt 00:00:22]} 6. Qa4 {[%clk 00:52:18]} {[%emt 00:00:42]} Qd7
{[%clk 00:52:01]} {[%emt 00:00:43]} 7. Ng5 {[%clk 00:51:01]} {[%emt 00:01:22]}
Be7 {[%clk 00:50:37]} {[%emt 00:01:28]} 8. Qc4 {[%clk 00:49:25]} {[%emt
00:01:41]} O-O {[%clk 00:50:08]} {[%emt 00:00:35]} 9. f3 {[%clk 00:49:11]}
{[%emt 00:00:19]} Bh5 {[%clk 00:50:04]} {[%emt 00:00:08]} 10. g3 {[%clk
00:47:40]} {[%emt 00:01:36]} d5 {[%clk 00:47:24]} {[%emt 00:02:46]} 11. Qb5
{[%clk 00:46:54]} {[%emt 00:00:51]} b6 {[%clk 00:45:53]} {[%emt 00:01:37]} 12.
Bh3 {[%clk 00:44:32]} {[%emt 00:02:27]} Qd6 {[%clk 00:45:30]} {[%emt 00:00:27]}
13. c4 {[%clk 00:42:35]} {[%emt 00:02:03]} Nd4 {[%clk 00:44:26]} {[%emt
00:01:08]} 14. Qa4 {[%clk 00:41:36]} {[%emt 00:01:05]} Qb4 {[%clk 00:43:40]}
{[%emt 00:00:51]} 15. Qa6 {[%clk 00:40:00]} {[%emt 00:01:38]} Nc2+ {[%clk
00:43:29]} {[%emt 00:00:19]} 16. Kd1 {[%clk 00:39:31]} {[%emt 00:00:28]} Nxa1
{[%clk 00:43:26]} {[%emt 00:00:15]} 17. exd5 {[%clk 00:38:38]} {[%emt
00:00:57]} Nxd5 {[%clk 00:42:37]} {[%emt 00:00:54]} 18. cxd5 {[%clk 00:38:32]}
{[%emt 00:00:11]} Bxg5 {[%clk 00:42:34]} {[%emt 00:00:08]} 19. Qc4 {[%clk
00:37:28]} {[%emt 00:01:08]} Qxc4 {[%clk 00:42:18]} {[%emt 00:00:21]} 20. Nxc4
{[%clk 00:36:58]} {[%emt 00:00:35]} Bxf3+ {[%clk 00:42:14]} {[%emt 00:00:09]}
21. Ke1 {[%clk 00:35:51]} {[%emt 00:01:12]} Bxh1 {[%clk 00:42:12]} {[%emt
00:00:08]} 22. Bxg5 {[%clk 00:35:43]} {[%emt 00:00:12]} Bxd5 {[%clk 00:41:54]}
{[%emt 00:00:23]} 23. Nxe5 {[%clk 00:35:35]} {[%emt 00:00:14]} Rfe8 {[%clk
00:41:40]} {[%emt 00:00:19]} 24. d4 {[%clk 00:35:22]} {[%emt 00:00:18]} f6
{[%clk 00:41:26]} {[%emt 00:00:18]} 25. Bd7 {[%clk 00:34:53]} {[%emt 00:00:34]}
Re7 {[%clk 00:41:15]} {[%emt 00:00:17]} 26. Kd2 {[%clk 00:34:43]} {[%emt
00:00:14]} fxg5 {[%clk 00:41:05]} {[%emt 00:00:16]} 27. Bc6 {[%clk 00:33:26]}
{[%emt 00:01:22]} Bxc6 {[%clk 00:40:47]} {[%emt 00:00:23]} 28. Nxc6 {[%clk
00:33:23]} {[%emt 00:00:07]} Re6 {[%clk 00:40:32]} {[%emt 00:00:21]} 29. d5
{[%clk 00:33:19]} {[%emt 00:00:10]} Rd6 {[%clk 00:40:24]} {[%emt 00:00:12]} 30.
Ne7+ {[%clk 00:33:09]} {[%emt 00:00:15]} Kf7 {[%clk 00:39:50]} {[%emt
00:00:39]} 31. Nc6 {[%clk 00:32:05]} {[%emt 00:01:09]} Rxd5+ {[%clk 00:39:45]}
{[%emt 00:00:10]} 32. Kc3 {[%clk 00:31:57]} {[%emt 00:00:13]} Rc5+ {[%clk
00:39:42]} {[%emt 00:00:08]} 33. Kb4 {[%clk 00:31:45]} {[%emt 00:00:17]} Rxc6
{[%clk 00:39:34]} {[%emt 00:00:13]} 34. Kb5 {[%clk 00:30:59]} {[%emt 00:00:52]}
Rc2 {[%clk 00:39:25]} {[%emt 00:00:13]} 35. Kb4 {[%clk 00:30:34]} {[%emt
00:00:30]} Rd8 {[%clk 00:39:17]} {[%emt 00:00:13]} 36. a4 {[%clk 00:30:17]}
{[%emt 00:00:22]} a5+ {[%clk 00:39:06]} {[%emt 00:00:17]} 37. Kb5 {[%clk
00:30:12]} {[%emt 00:00:10]} Rd5+ {[%clk 00:38:57]} {[%emt 00:00:14]} 38. Ka6
{[%clk 00:30:08]} {[%emt 00:00:09]} Rxb2 {[%clk 00:38:49]} {[%emt 00:00:13]}
39. Kb7 {[%clk 00:30:04]} {[%emt 00:00:09]} Ra2 {[%clk 00:38:42]} {[%emt
00:00:12]} 40. Kxc7 {[%clk 00:29:59]} {[%emt 00:00:10]} Rxa4 {[%clk 00:38:39]}
{[%emt 00:00:08]} 41. Kxb6 {[%clk 00:29:53]} {[%emt 00:00:11]} Rb4+ {[%clk
00:38:29]} {[%emt 00:00:15]} 42. Kc6 {[%clk 00:29:38]} {[%emt 00:00:20]} Rf5
{[%clk 00:38:18]} {[%emt 00:00:16]} 43. g4 {[%clk 00:29:23]} {[%emt 00:00:20]}
Rf1 {[%clk 00:37:52]} {[%emt 00:00:31]} 44. Kd5 {[%clk 00:29:02]} {[%emt
00:00:26]} Rc1 {[%clk 00:37:40]} {[%emt 00:00:17]} 45. Ke5 {[%clk 00:28:55]}
{[%emt 00:00:11]} Rd1 {[%clk 00:37:33]} {[%emt 00:00:13]} 46. Kf5 {[%clk
00:28:46]} {[%emt 00:00:14]} h6 {[%clk 00:37:27]} {[%emt 00:00:10]} 47. Ke5
{[%clk 00:28:23]} {[%emt 00:00:28]} Rb2 {[%clk 00:37:11]} {[%emt 00:00:21]} 48.
Ke4 {[%clk 00:28:05]} {[%emt 00:00:23]} Re2+ {[%clk 00:37:07]} {[%emt
00:00:09]} 49. Kf3 {[%clk 00:27:56]} {[%emt 00:00:13]} Rxh2 {[%clk 00:36:48]}
{[%emt 00:00:24]} 50. Kg3 {[%clk 00:27:46]} {[%emt 00:00:14]} Rdd2 {[%clk
00:36:28]} {[%emt 00:00:25]} 51. Kf3 {[%clk 00:27:36]} {[%emt 00:00:15]} Rh3+
{[%clk 00:36:06]} {[%emt 00:00:27]} 52. Ke4 {[%clk 00:27:28]} {[%emt 00:00:13]}
g6 {[%clk 00:35:14]} {[%emt 00:00:57]} 53. Ke5 {[%clk 00:27:12]} {[%emt
00:00:21]} Re3# {[%clk 00:35:12]} {[%emt 00:00:08]} 0-1

[Event "Deutscher Mix-Teampokal U12 2025"]
[Site "Bad Homburg GER"]
[Date "2025.07.19"]
[Round "2"]
[White "Murrau, Adela"]
[Black "Manukyan, Svetlana"]
[Result "0-1"]
[Termination "normal"]
[Board "4.3"]
[WhiteElo "1009"]
[BlackElo "757"]
[WhiteClock "00:40:46"]
[BlackClock "00:19:16"]
[WhiteTeam "OSC Rheinhausen 04"]
[BlackTeam "SC Pirmasens 1912"]
[PlyCount "79"]
[WhiteFideId "533050716"]
[BlackFideId "533050759"]
[EventCountry "GER"]
[EventRounds "5"]
[EventType "team-swiss"]
[EventDate "2025.07.18"]

1. e4 {[%clk 00:55:07]} {[%emt 00:00:03]} e5 {[%clk 00:54:57]} {[%emt
00:00:14]} 2. Nf3 {[%clk 00:55:03]} {[%emt 00:00:08]} Nc6 {[%clk 00:54:49]}
{[%emt 00:00:14]} 3. d4 {[%clk 00:54:59]} {[%emt 00:00:08]} Bd6 {[%clk
00:54:14]} {[%emt 00:00:41]} 4. d5 {[%clk 00:54:46]} {[%emt 00:00:18]} Nce7
{[%clk 00:53:43]} {[%emt 00:00:36]} 5. Nc3 {[%clk 00:54:38]} {[%emt 00:00:12]}
c6 {[%clk 00:53:21]} {[%emt 00:00:29]} 6. dxc6 {[%clk 00:54:18]} {[%emt
00:00:17]} Nxc6 {[%clk 00:53:13]} {[%emt 00:00:21]} 7. Bc4 {[%clk 00:54:07]}
{[%emt 00:00:15]} h6 {[%clk 00:52:49]} {[%emt 00:00:29]} 8. Be3 {[%clk
00:53:51]} {[%emt 00:00:20]} Qc7 {[%clk 00:51:40]} {[%emt 00:01:14]} 9. Nd5
{[%clk 00:53:20]} {[%emt 00:00:36]} Qa5+ {[%clk 00:51:11]} {[%emt 00:00:34]}
10. Bd2 {[%clk 00:53:10]} {[%emt 00:00:14]} Qc5 {[%clk 00:50:16]} {[%emt
00:01:02]} 11. b3 {[%clk 00:52:38]} {[%emt 00:00:37]} Nge7 {[%clk 00:49:24]}
{[%emt 00:00:57]} 12. Be3 {[%clk 00:52:06]} {[%emt 00:00:37]} Qa5+ {[%clk
00:47:13]} {[%emt 00:02:16]} 13. c3 {[%clk 00:51:55]} {[%emt 00:00:16]} Nxd5
{[%clk 00:45:46]} {[%emt 00:01:32]} 14. exd5 {[%clk 00:51:37]} {[%emt
00:00:22]} Ne7 {[%clk 00:45:21]} {[%emt 00:00:31]} 15. b4 {[%clk 00:51:08]}
{[%emt 00:00:34]} Qc7 {[%clk 00:44:38]} {[%emt 00:00:48]} 16. Qb3 {[%clk
00:50:05]} {[%emt 00:01:04]} g5 {[%clk 00:42:57]} {[%emt 00:01:49]} 17. h3
{[%clk 00:49:41]} {[%emt 00:00:29]} Ng6 {[%clk 00:42:10]} {[%emt 00:00:52]} 18.
g3 {[%clk 00:48:58]} {[%emt 00:00:49]} b6 {[%clk 00:39:32]} {[%emt 00:02:43]}
19. Nd2 {[%clk 00:48:23]} {[%emt 00:00:39]} a5 {[%clk 00:37:55]} {[%emt
00:01:42]} 20. bxa5 {[%clk 00:48:06]} {[%emt 00:00:22]} Qb7 {[%clk 00:35:00]}
{[%emt 00:03:07]} 21. axb6 {[%clk 00:47:50]} {[%emt 00:00:25]} Ra3 {[%clk
00:33:47]} {[%emt 00:01:17]} 22. Qb2 {[%clk 00:47:06]} {[%emt 00:00:48]} Ra5
{[%clk 00:32:39]} {[%emt 00:01:13]} 23. Qb3 {[%clk 00:45:49]} {[%emt 00:01:22]}
Qb8 {[%clk 00:30:12]} {[%emt 00:02:33]} 24. Ne4 {[%clk 00:45:21]} {[%emt
00:00:33]} Ba6 {[%clk 00:29:19]} {[%emt 00:00:58]} 25. Nxd6+ {[%clk 00:45:00]}
{[%emt 00:00:26]} Qxd6 {[%clk 00:28:44]} {[%emt 00:00:41]} 26. Bxa6 {[%clk
00:44:49]} {[%emt 00:00:16]} Rxa6 {[%clk 00:27:54]} {[%emt 00:00:56]} 27. b7
{[%clk 00:44:40]} {[%emt 00:00:12]} O-O {[%clk 00:26:47]} {[%emt 00:01:14]} 28.
Rb1 {[%clk 00:44:07]} {[%emt 00:00:37]} Rb8 {[%clk 00:26:06]} {[%emt 00:00:45]}
29. Qb4 {[%clk 00:43:35]} {[%emt 00:00:38]} Qxd5 {[%clk 00:24:24]} {[%emt
00:01:47]} 30. Ke2 {[%clk 00:43:15]} {[%emt 00:00:24]} Rxa2+ {[%clk 00:23:21]}
{[%emt 00:01:08]} 31. Rb2 {[%clk 00:42:49]} {[%emt 00:00:32]} Rxb2+ {[%clk
00:22:33]} {[%emt 00:00:52]} 32. Qxb2 {[%clk 00:42:47]} {[%emt 00:00:08]} Qxh1
{[%clk 00:22:00]} {[%emt 00:00:37]} 33. f3 {[%clk 00:42:26]} {[%emt 00:00:26]}
e4 {[%clk 00:21:27]} {[%emt 00:00:39]} 34. Ba7 {[%clk 00:42:09]} {[%emt
00:00:21]} Qxf3+ {[%clk 00:20:42]} {[%emt 00:00:49]} 35. Ke1 {[%clk 00:41:51]}
{[%emt 00:00:24]} Qh1+ {[%clk 00:20:07]} {[%emt 00:00:40]} 36. Kd2 {[%clk
00:41:44]} {[%emt 00:00:12]} Qg2+ {[%clk 00:19:42]} {[%emt 00:00:30]} 37. Kc1
{[%clk 00:41:38]} {[%emt 00:00:11]} Qxb2+ {[%clk 00:19:35]} {[%emt 00:00:11]}
38. Kxb2 {[%clk 00:41:32]} {[%emt 00:00:12]} Rxb7+ {[%clk 00:19:31]} {[%emt
00:00:08]} 39. Kc2 {[%clk 00:41:26]} {[%emt 00:00:11]} Rxa7 {[%clk 00:19:16]}
{[%emt 00:00:20]} 40. Kd2 {[%clk 00:40:46]} {[%emt 00:00:45]} 0-1

[Event "Deutscher Mix-Teampokal U12 2025"]
[Site "Bad Homburg GER"]
[Date "2025.07.19"]
[Round "2"]
[White "Jöhnke, Thore"]
[Black "Lachenmaier, Alica"]
[Result "0-1"]
[Termination "normal"]
[Board "5.1"]
[WhiteElo "1159"]
[BlackElo "1250"]
[WhiteClock "00:30:15"]
[BlackClock "00:41:03"]
[WhiteTeam "SchVgg Blankenese 1923"]
[BlackTeam "SC Garching 1980"]
[PlyCount "98"]
[WhiteFideId "34699619"]
[BlackFideId "533025932"]
[EventCountry "GER"]
[EventRounds "5"]
[EventType "team-swiss"]
[EventDate "2025.07.18"]

1. e4 {[%clk 00:55:08]} {[%emt 00:00:01]} c5 {[%clk 00:55:04]} {[%emt
00:00:06]} 2. Nc3 {[%clk 00:55:07]} {[%emt 00:00:06]} Nc6 {[%clk 00:55:06]}
{[%emt 00:00:04]} 3. f4 {[%clk 00:54:58]} {[%emt 00:00:14]} e6 {[%clk
00:55:05]} {[%emt 00:00:05]} 4. Nf3 {[%clk 00:54:57]} {[%emt 00:00:05]} d5
{[%clk 00:54:59]} {[%emt 00:00:12]} 5. e5 {[%clk 00:54:11]} {[%emt 00:00:52]}
Nge7 {[%clk 00:54:36]} {[%emt 00:00:27]} 6. Bb5 {[%clk 00:54:09]} {[%emt
00:00:06]} Nf5 {[%clk 00:54:35]} {[%emt 00:00:06]} 7. Bxc6+ {[%clk 00:53:31]}
{[%emt 00:00:43]} bxc6 {[%clk 00:54:32]} {[%emt 00:00:09]} 8. d3 {[%clk
00:53:21]} {[%emt 00:00:14]} d4 {[%clk 00:54:02]} {[%emt 00:00:37]} 9. Ne2
{[%clk 00:53:11]} {[%emt 00:00:13]} Be7 {[%clk 00:53:57]} {[%emt 00:00:11]} 10.
Ng3 {[%clk 00:52:33]} {[%emt 00:00:44]} Bh4 {[%clk 00:53:37]} {[%emt 00:00:24]}
11. Nxh4 {[%clk 00:52:13]} {[%emt 00:00:26]} Qxh4 {[%clk 00:53:31]} {[%emt
00:00:10]} 12. Qf3 {[%clk 00:51:59]} {[%emt 00:00:18]} O-O {[%clk 00:53:07]}
{[%emt 00:00:31]} 13. Bd2 {[%clk 00:51:13]} {[%emt 00:00:50]} a5 {[%clk
00:52:46]} {[%emt 00:00:26]} 14. O-O-O {[%clk 00:50:51]} {[%emt 00:00:27]} Qe7
{[%clk 00:52:13]} {[%emt 00:00:37]} 15. Nxf5 {[%clk 00:50:17]} {[%emt
00:00:40]} exf5 {[%clk 00:52:09]} {[%emt 00:00:09]} 16. h3 {[%clk 00:50:02]}
{[%emt 00:00:21]} a4 {[%clk 00:52:09]} {[%emt 00:00:04]} 17. g4 {[%clk
00:49:49]} {[%emt 00:00:18]} c4 {[%clk 00:52:00]} {[%emt 00:00:14]} 18. dxc4
{[%clk 00:49:33]} {[%emt 00:00:21]} a3 {[%clk 00:51:55]} {[%emt 00:00:11]} 19.
b3 {[%clk 00:49:28]} {[%emt 00:00:10]} fxg4 {[%clk 00:51:23]} {[%emt 00:00:37]}
20. hxg4 {[%clk 00:49:23]} {[%emt 00:00:09]} f6 {[%clk 00:50:02]} {[%emt
00:01:24]} 21. Qe4 {[%clk 00:46:51]} {[%emt 00:02:38]} f5 {[%clk 00:49:51]}
{[%emt 00:00:17]} 22. Qxc6 {[%clk 00:45:08]} {[%emt 00:01:48]} Bd7 {[%clk
00:49:22]} {[%emt 00:00:31]} 23. Qd5+ {[%clk 00:44:49]} {[%emt 00:00:27]} Be6
{[%clk 00:49:15]} {[%emt 00:00:12]} 24. Qxd4 {[%clk 00:43:49]} {[%emt
00:01:06]} Rfd8 {[%clk 00:48:54]} {[%emt 00:00:25]} 25. Qf2 {[%clk 00:43:31]}
{[%emt 00:00:23]} fxg4 {[%clk 00:48:42]} {[%emt 00:00:21]} 26. f5 {[%clk
00:42:30]} {[%emt 00:01:03]} g3 {[%clk 00:46:22]} {[%emt 00:02:25]} 27. Qxg3
{[%clk 00:41:53]} {[%emt 00:00:43]} Bxf5 {[%clk 00:46:00]} {[%emt 00:00:26]}
28. Bg5 {[%clk 00:41:42]} {[%emt 00:00:16]} Rxd1+ {[%clk 00:45:43]} {[%emt
00:00:22]} 29. Rxd1 {[%clk 00:41:33]} {[%emt 00:00:15]} Qb4 {[%clk 00:45:16]}
{[%emt 00:00:31]} 30. Qf3 {[%clk 00:41:04]} {[%emt 00:00:34]} Rf8 {[%clk
00:44:58]} {[%emt 00:00:22]} 31. Qd5+ {[%clk 00:37:47]} {[%emt 00:03:22]} Kh8
{[%clk 00:44:23]} {[%emt 00:00:41]} 32. e6 {[%clk 00:37:24]} {[%emt 00:00:27]}
Qc3 {[%clk 00:44:00]} {[%emt 00:00:26]} 33. Qg2 {[%clk 00:37:01]} {[%emt
00:00:31]} Bxe6 {[%clk 00:43:11]} {[%emt 00:00:54]} 34. Be3 {[%clk 00:32:50]}
{[%emt 00:04:16]} Qxe3+ {[%clk 00:42:34]} {[%emt 00:00:42]} 35. Qd2 {[%clk
00:32:36]} {[%emt 00:00:19]} Qxd2+ {[%clk 00:42:15]} {[%emt 00:00:25]} 36. Rxd2
{[%clk 00:32:29]} {[%emt 00:00:11]} Bg4 {[%clk 00:42:12]} {[%emt 00:00:07]} 37.
c3 {[%clk 00:32:15]} {[%emt 00:00:18]} Rf1+ {[%clk 00:42:09]} {[%emt 00:00:09]}
38. Kc2 {[%clk 00:32:09]} {[%emt 00:00:10]} Bf5+ {[%clk 00:42:09]} {[%emt
00:00:07]} 39. Rd3 {[%clk 00:32:03]} {[%emt 00:00:11]} Rf3 {[%clk 00:41:57]}
{[%emt 00:00:15]} 40. c5 {[%clk 00:31:45]} {[%emt 00:00:25]} Rxd3 {[%clk
00:41:43]} {[%emt 00:00:19]} 41. b4 {[%clk 00:31:21]} {[%emt 00:00:28]} Rh3+
{[%clk 00:41:28]} {[%emt 00:00:19]} 42. Kb3 {[%clk 00:31:20]} {[%emt 00:00:06]}
Be6+ {[%clk 00:41:31]} {[%emt 00:00:04]} 43. Kxa3 {[%clk 00:31:01]} {[%emt
00:00:23]} Rxc3+ {[%clk 00:41:29]} {[%emt 00:00:07]} 44. Ka4 {[%clk 00:30:59]}
{[%emt 00:00:08]} Bxa2 {[%clk 00:41:27]} {[%emt 00:00:06]} 45. b5 {[%clk
00:30:47]} {[%emt 00:00:17]} Rxc5 {[%clk 00:41:29]} {[%emt 00:00:04]} 46. b6
{[%clk 00:30:27]} {[%emt 00:00:24]} Bd5 {[%clk 00:41:14]} {[%emt 00:00:20]} 47.
Kb4 {[%clk 00:30:19]} {[%emt 00:00:12]} Rc8 {[%clk 00:41:12]} {[%emt 00:00:08]}
48. Kb5 {[%clk 00:30:17]} {[%emt 00:00:07]} Bc6+ {[%clk 00:41:03]} {[%emt
00:00:13]} 49. Ka6 {[%clk 00:30:15]} {[%emt 00:00:07]} Ra8# {[%emt 00:00:51]}
0-1